| 000 | 00357nam a2200145Ia 4500 | ||
|---|---|---|---|
| 005 | 20251222153642.0 | ||
| 008 | 251222s9999||||xx |||||||||||||| ||spa|| | ||
| 020 | _a8804531975 | ||
| 082 | _a248.3/F75 | ||
| 100 | _aForte, Bruno | ||
| 245 | 0 | _aSeguendo te, Luce della Vita | |
| 250 | _a1ra.ed. | ||
| 264 | _bArnoldo Mondadori Editore S.p.A. | ||
| 942 | _cLIB | ||
| 999 |
_c32767 _d32767 |
||